000 01102nam a2200301 a 4500
001 BRL_1420
005 20190320211209.0
008 130114s1989----sp-aob####---#000-0#spa-#
020 _a8476092865
041 _aesp
044 _asp
050 4 _aF1465.3.T4
_b.T45 1989
245 1 0 _aTejidos de Guatemala
_bMuseo Etnológico, Barcelona, abril-diciembre 1989
_ctextos, Silvia Ventosa, Fina Aler.
260 _a[Barcelona]
_bAyuntamiento de Barcelona
_c1989
300 _a105 p.
_bil. (algunas a color)
_c21 cm.
440 0 _aCol. Petits catálegs d´exposicions
_vnúm.52
_926851
500 _aAu1633
500 _aIncluye catálogo de piezas expuestas p. 87-103
504 _aBibliografía: p. 85-86
650 1 4 _aIndustria textil indígena
_vExposiciones
_zGuatemala
_926852
650 1 4 _aIndígenas de América Central
_vExposiciones
_xIndumentaría
_zGuatemala
_926853
650 1 4 _aTejeduría
_vExposiciones
_zGuatemala
_926854
700 1 _aVentosa, Silvia
_926855
700 1 _aAlert, Fina
_926856
710 2 _aMuseu Etnológic (Barcelona, Spain)
_926857
902 _aGRL
942 _2lcc
_cB
999 _c10230
_d10230